000 01290nam0a22002531 4500
001 rc\293089
005 20260406150724.0
035 _a(NLR Aleph) 005524098
090 _a5539323
_c5539323
100 _a20030307d1990 |||y0rusy50 ca
101 0 _arus
102 _aRU
105 _ay |||||||||
200 1 _aИспользование приемов контрпропаганды в курсах общественных наук как средство формирования марксистско-ленинского мировоззрения студентов
_eМежвуз. сб. науч. тр.
_fКалуж. гос. пед. ин-т им. К.Э. Циолковского
_g[Редкол.: Л.Е. Ростовцева (отв. ред.) и др.]
210 _aЯрославль
_cЯросл. гос. пед. ин-т
_d1990
215 _a102, [2] с.
_d22
320 _aБиблиогр. в примеч. в конце ст.
702 1 _aРостовцева
_bЛ.Е.
_gЛариса Емельяновна
_4340
712 0 2 _aКалужский педагогический институт им. К. Э. Циолковского
_9348121
_3RU\NLR\AUTH\889926166
801 0 _aRU
_bNLR
_gpsbo
801 1 _aRU
_bELAR
_2rusmarc
852 _aNLR
_j91-5/519
942 _cBOOK
980 _aNB